Tài liệu luyện thi năng lực Tiếng Nhật : Trình độ cấp 2 ( Trung cấp )
Quyển sách trình bày những điểm văn phạm thường xuất hiện trong kỳ thi kiểm tra năng lực trung cấp, những văn phạm giúp học viên tự kiểm tra mình, các văn tự, từ vựng, đọc giải và văn phạm. Phần cuối cùng là giải đáp luyện tập và bài t...
Đã lưu trong:
| 主要作者: | |
|---|---|
| 格式: | 图书 |
| 语言: | Undetermined |
| 出版: |
Tp. Hồ chí Minh
Trẻ
2006
|
| 主题: | |
| 标签: |
添加标签
没有标签, 成为第一个标记此记录!
|
| Thư viện lưu trữ: | Trung tâm Học liệu Trường Đại học Cần Thơ |
|---|
| LEADER | 01046nam a2200229Ia 4500 | ||
|---|---|---|---|
| 001 | CTU_112984 | ||
| 008 | 210402s9999 xx 000 0 und d | ||
| 020 | |c 47000 | ||
| 082 | |a 495.6 | ||
| 082 | |b Th107/T2 | ||
| 100 | |a Trần, Việt Thanh | ||
| 245 | 0 | |a Tài liệu luyện thi năng lực Tiếng Nhật : | |
| 245 | 0 | |b Trình độ cấp 2 ( Trung cấp ) | |
| 245 | 0 | |c Trần Việt Thanh | |
| 260 | |a Tp. Hồ chí Minh | ||
| 260 | |b Trẻ | ||
| 260 | |c 2006 | ||
| 520 | |a Quyển sách trình bày những điểm văn phạm thường xuất hiện trong kỳ thi kiểm tra năng lực trung cấp, những văn phạm giúp học viên tự kiểm tra mình, các văn tự, từ vựng, đọc giải và văn phạm. Phần cuối cùng là giải đáp luyện tập và bài tập. | ||
| 650 | |a Japanese language | ||
| 650 | |x Examinations,Study guides | ||
| 904 | |i Minh | ||
| 980 | |a Trung tâm Học liệu Trường Đại học Cần Thơ | ||